| 000 | 00979cam a2200289 a 4500 | ||
|---|---|---|---|
| 001 | 1378728 | ||
| 003 | ARRUPE | ||
| 005 | 20131127111631.0 | ||
| 008 | 830209s1980 enkafj 000 0ceng | ||
| 010 | _a 81169894 | ||
| 015 | _aGB*** | ||
| 020 |
_a0297778110 : _c£7.95 |
||
| 040 |
_aDLC _cDLC _dDLC |
||
| 043 |
_ae-uk-en _ae-ie--- |
||
| 050 | 0 | 0 |
_aPR4174 _b.B2.C36 1980 |
| 100 | 1 |
_aCannon, John, _d1929- _94133 |
|
| 245 | 1 | 4 |
_aThe road to Haworth : _bthe story of the Brontës' Irish ancestry / _cJohn Cannon. |
| 260 |
_aLondon : _bWeidenfeld and Nicolson, _c1980. |
||
| 300 |
_a138 p., [8] p. of plates : _bill., geneal. table ; _c22 cm. |
||
| 500 | _aIncludes genealogical table. | ||
| 600 | 3 | 0 |
_aBrontë family. _94134 |
| 650 | 0 |
_aAuthors, English _y19th century _xFamily relationships. _94135 |
|
| 651 | 0 |
_aHaworth (England) _xBiography. _94136 |
|
| 651 | 0 |
_aIreland _xBiography. _94137 |
|
| 906 |
_a7 _bcbc _corignew _d3 _encip _f19 _gy-gencatlg |
||
| 942 |
_2lcc _cMONOGRAPH |
||
| 999 |
_c118757 _d118757 |
||